[Event "First Saturday 2011 februar IM"]
[Site "Budapest"]
[Date "2011.02.10"]
[Round "6"]
[White "Kislik, Erik Andrew"]
[Black "Lyell, Mark"]
[Result "1-0"]
[WhiteElo "2327"]
[BlackElo "2197"]
[PlyCount "79"]
[EventDate "2011.02.05"]

1. e4 c6 2. d4 d5 3. e5 c5 4. Nf3 Nc6 5. c4 e6 6. Nc3 cxd4 7. Nxd4 Bb4 8. Nxc6
bxc6 9. Qa4 Bxc3+ 10. bxc3 Qc7 11. Be2 Bd7 12. f4 f6 13. O-O fxe5 14. fxe5 Qxe5
15. Ba3 Nf6 16. Qb4 Qe3+ 17. Kh1 c5 18. Qxc5 Qxc5 19. Bxc5 dxc4 20. Rab1 Rc8
21. Bd4 O-O 22. Rb7 Bc6 23. Rxa7 Rf7 24. Rxf7 Kxf7 25. Kg1 Bd5 26. a4 Rb8 27.
Ra1 Rb2 28. Bf3 Bxf3 29. gxf3 Nd5 30. a5 Nc7 31. a6 g6 32. a7 Na8 33. Ra4 Rb7
34. Rxc4 Re7 35. Rc8 Re8 36. Rb8 Ke7 37. c4 Kd7 38. c5 Rc8 39. c6+ Kd8 40. Bc3
1-0

[Event "First Saturday 2011 februar IM"]
[Site "Budapest"]
[Date "2011.02.10"]
[Round "6"]
[White "Brustkern, Juergen"]
[Black "Lengyel, Bela"]
[Result "0-1"]
[WhiteElo "2283"]
[BlackElo "2275"]
[PlyCount "96"]
[EventDate "2011.02.05"]

1. d4 d5 2. c4 e6 3. Nc3 Nf6 4. cxd5 exd5 5. Bg5 Nbd7 6. e3 Be7 7. Bd3 O-O 8.
Qc2 c6 9. Nf3 Re8 10. h3 Nf8 11. Bf4 Be6 12. O-O-O Rc8 13. Kb1 b5 14. g4 a6 15.
Ne5 Qa5 16. Bf5 c5 17. dxc5 Bxc5 18. Nd3 Be7 19. f3 d4 20. Bxe6 Nxe6 21. exd4
Nd5 22. Qd2 Rxc3 23. bxc3 Nxc3+ 24. Ka1 Nxd4 25. Nc1 Qb4 26. Qb2 Qxb2+ 27. Kxb2
Nxd1+ 28. Rxd1 Nxf3 29. Rd7 g5 30. Bg3 Bf6+ 31. Kc2 Ng1 32. Ra7 Re6 33. Kd1
Nxh3 34. Nb3 Bc3 35. Nc5 Re3 36. Bd6 Nf2+ 37. Kc2 Nxg4 38. Ra8+ Kg7 39. Bf8+
Kg6 40. Rxa6+ f6 41. Ra7 h5 42. Nd3 Bd4 43. Rg7+ Kf5 44. Rb7 Ke4 45. Nc5+ Kf3
46. Nb3 Be5 47. Rxb5 h4 48. Nd2+ Ke2 0-1

[Event "First Saturday 2011 februar IM"]
[Site "Budapest"]
[Date "2011.02.10"]
[Round "6"]
[White "Tran, Tuan Minh"]
[Black "Nagy, Ervin dr"]
[Result "1/2-1/2"]
[WhiteElo "2284"]
[BlackElo "2269"]
[PlyCount "132"]
[EventDate "2011.02.05"]

1. d4 Nf6 2. Bf4 e6 3. e3 c5 4. c3 Nc6 5. Nd2 Be7 6. Bd3 b6 7. h3 Bb7 8. Ngf3
O-O 9. O-O d6 10. Qe2 cxd4 11. exd4 Qd7 12. Rad1 Rfe8 13. Rfe1 g6 14. Bh6 Bf8
15. Bxf8 Kxf8 16. Ne4 Ng8 17. h4 Re7 18. h5 Rae8 19. Qd2 f5 20. Ng3 Nd8 21. Nh4
Rg7 22. hxg6 hxg6 23. Qg5 Qf7 24. Bb5 Bc6 25. Bxc6 Nxc6 26. d5 exd5 27. Rxe8+
Kxe8 28. Qf4 Kd7 29. Nf3 Nf6 30. Ng5 Qf8 31. Nxf5 Nh5 32. Ne6 Qxf5 33. Qxf5
gxf5 34. Nxg7 Nxg7 35. Rxd5 Ne5 36. b3 Kc6 37. c4 Ne6 38. g3 Nc7 39. Rd1 b5 40.
cxb5+ Nxb5 41. a4 Nc7 42. Rc1+ Kd7 43. f4 Nc6 44. Kf2 Nd5 45. Rh1 Nf6 46. Rh8
Ne4+ 47. Kf3 Nc5 48. g4 fxg4+ 49. Kxg4 Nxb3 50. Kg5 d5 51. f5 Nbd4 52. f6 Ke6
53. a5 Ne5 54. Re8+ Kd6 55. Kh6 Ndc6 56. Kg7 d4 57. f7 Nxf7 58. Kxf7 Nxa5 59.
Kf6 Nc6 60. Kf5 Kd5 61. Kf4 a5 62. Kf3 Ne5+ 63. Ke2 Ke4 64. Kd2 Kd5 65. Ra8 Nc6
66. Kd3 Ne5+ 1/2-1/2

[Event "First Saturday 2011 februar IM"]
[Site "Budapest"]
[Date "2011.02.11"]
[Round "7"]
[White "Nagy, Ervin dr"]
[Black "Farago, Sandor"]
[Result "0-1"]
[WhiteElo "2269"]
[BlackElo "2292"]
[PlyCount "86"]
[EventDate "2011.02.05"]

1. Nf3 Nf6 2. c4 c6 3. d4 d5 4. cxd5 cxd5 5. Nc3 Nc6 6. e3 a6 7. Bd3 b5 8. h3
Bb7 9. O-O e6 10. a3 Be7 11. b4 Rc8 12. Bb2 Nd7 13. e4 Nb6 14. exd5 exd5 15.
Qc2 g6 16. Rae1 O-O 17. Qd2 Bf6 18. Qf4 Bg7 19. Re2 Qf6 20. Qxf6 Bxf6 21. Nd1
Nd8 22. Ne3 Ne6 23. g3 Rfd8 24. Ng4 Bg7 25. Nge5 Nc4 26. Bc1 Nxd4 27. Nxd4 Nxe5
28. Bc2 Rc4 29. f4 Nd7 30. Nb3 Rdc8 31. Rff2 d4 32. Bb2 Bd5 33. Bd3 Rc3 34.
Bxc3 Rxc3 35. Re8+ Bf8 36. Bxb5 axb5 37. Nxd4 Rxa3 38. Rd2 Nf6 39. Nc2 Rxg3+
40. Kh2 Rc3 41. Rb8 Kg7 42. Rxb5 Bd6 43. Rf2 Bc6 0-1

[Event "First Saturday 2011 februar IM"]
[Site "Budapest"]
[Date "2011.02.11"]
[Round "7"]
[White "Lengyel, Bela"]
[Black "Tran, Tuan Minh"]
[Result "0-1"]
[WhiteElo "2275"]
[BlackElo "2284"]
[PlyCount "140"]
[EventDate "2011.02.05"]

1. e4 e6 2. d4 d5 3. Nc3 Bb4 4. e5 b6 5. a3 Bxc3+ 6. bxc3 Ba6 7. Bxa6 Nxa6 8.
Nh3 Qd7 9. Nf4 g6 10. O-O Qa4 11. Nd3 h6 12. Nb2 Qd7 13. Qf3 Ne7 14. a4 O-O-O
15. a5 b5 16. Nd3 Nf5 17. Ba3 h5 18. Bc5 c6 19. Qe2 g5 20. f3 Rh6 21. Kf2 Re8
22. Ke1 Qc7 23. Kd2 Kb7 24. Rfb1 Ka8 25. Re1 Rg6 26. Qd1 Rh8 27. Re2 g4 28. f4
Rb8 29. Re1 Rgg8 30. Qe2 Qd8 31. Rh1 Qh4 32. Rae1 g3 33. h3 Nxc5 34. dxc5 Rbd8
35. Qf3 Kb7 36. a6+ Kc7 37. Rb1 d4 38. Rb4 dxc3+ 39. Kxc3 Rd5 40. Re1 Rgd8 41.
Ree4 Qe7 42. Qxh5 Qd7 43. Qf3 Qc8 44. Kb2 Qxa6 45. Qh5 R8d7 46. Rb3 Qc8 47. Ra3
Kb7 48. Re1 Rd4 49. Rea1 Kb8 50. Qf3 Rc4 51. Rc1 Qc7 52. c3 a5 53. Rca1 a4 54.
Rd1 Kb7 55. Raa1 Qa5 56. Ra3 Qd8 57. Raa1 Rd5 58. Nb4 Rd2+ 59. Nc2 b4 60. Rxd2
Qxd2 61. Rd1 bxc3+ 62. Ka3 Qxc2 63. Rd7+ Kb8 64. Rd8+ Kc7 65. Rc8+ Kxc8 66.
Qxc6+ Kd8 67. Qb6+ Ke8 68. Qb8+ Ke7 69. Qc7+ Kf8 70. Qd8+ Kg7 0-1

[Event "First Saturday 2011 februar IM"]
[Site "Budapest"]
[Date "2011.02.11"]
[Round "7"]
[White "Lyell, Mark"]
[Black "Brustkern, Juergen"]
[Result "0-1"]
[WhiteElo "2197"]
[BlackElo "2283"]
[PlyCount "78"]
[EventDate "2011.02.05"]

1. e4 e6 2. d4 d5 3. Nc3 Nf6 4. Bg5 dxe4 5. Nxe4 Be7 6. Bxf6 gxf6 7. Nf3 a6 8.
Bc4 b5 9. Bb3 Bb7 10. Qe2 f5 11. Ng3 O-O 12. O-O-O Bd5 13. Nxf5 Bf6 14. Ne3 c6
15. Ne5 Bg7 16. h4 Nd7 17. Rh3 Nb6 18. Qh5 Qe8 19. Rg3 f6 20. Qg4 Ra7 21. Nd3
Kh8 22. Nxd5 cxd5 23. Re1 Re7 24. Kd1 Qf7 25. Rge3 Rfe8 26. c3 Nc4 27. Bxc4
bxc4 28. Nc5 e5 29. Nxa6 f5 30. Qh3 f4 31. R3e2 Qg6 32. Nc5 Qb1+ 33. Kd2 Qxb2+
34. Kd1 exd4 35. Rxe7 Qb1+ 36. Kd2 dxc3+ 37. Qxc3 Bxc3+ 38. Kxc3 d4+ 39. Kxd4
Qb2+ 0-1

[Event "First Saturday 2011 februar IM"]
[Site "Budapest"]
[Date "2011.02.11"]
[Round "7"]
[White "Bhakti, Kulkarni"]
[Black "Kislik, Erik Andrew"]
[Result "0-1"]
[WhiteElo "2275"]
[BlackElo "2327"]
[PlyCount "128"]
[EventDate "2011.02.05"]

1. d4 Nf6 2. Nf3 g6 3. c4 Bg7 4. Nc3 O-O 5. Bg5 d6 6. e3 c5 7. Be2 h6 8. Bh4 g5
9. Bg3 Nh5 10. Nd2 Nxg3 11. hxg3 cxd4 12. exd4 Bf5 13. Nb3 e5 14. d5 Nd7 15.
Nd2 Nc5 16. Nb3 b6 17. O-O Re8 18. Qd2 Bg6 19. g4 Nxb3 20. axb3 e4 21. Ra6 Be5
22. g3 e3 23. fxe3 Bxg3 24. Kg2 Be5 25. Raa1 Qd7 26. Rae1 Re7 27. Bf3 Rae8 28.
Kg1 a6 29. Ne2 b5 30. Nd4 Bxd4 31. exd4 bxc4 32. bxc4 Be4 33. Bd1 f5 34. gxf5
Bxf5 35. Rxe7 Rxe7 36. Qf2 Rf7 37. b4 Bg6 38. Qg2 Bd3 39. Rxf7 Qxf7 40. c5 Bc4
41. Bf3 Qf4 42. c6 Qxd4+ 43. Qf2 Qc3 44. Bg2 Qxb4 45. Bh3 g4 46. c7 Qb7 47.
Bxg4 Qxc7 48. Be6+ Kh7 49. Qf5+ Kg7 50. Qg4+ Kf6 51. Qf4+ Kg6 52. Qe4+ Kf6 53.
Kh2 Bb5 54. Qf4+ Ke7 55. Qh4+ Ke8 56. Qxh6 Qc2+ 57. Kg1 Qd1+ 58. Kh2 Qe2+ 59.
Kg1 Qe1+ 60. Kh2 Qf2+ 61. Kh1 Qe1+ 62. Kh2 Qe5+ 63. Kh1 Bd3 64. Kg1 Qg3+ 0-1

[Event "First Saturday 2011 februar IM"]
[Site "Budapest"]
[Date "2011.02.11"]
[Round "7"]
[White "Korpa, Bence"]
[Black "Tesik, Csaba"]
[Result "1/2-1/2"]
[WhiteElo "2165"]
[BlackElo "2275"]
[PlyCount "54"]
[EventDate "2011.02.05"]

1. e4 e5 2. Nf3 Nc6 3. Bb5 a6 4. Ba4 Nf6 5. O-O b5 6. Bb3 Bc5 7. c3 d6 8. d4
Bb6 9. a4 Rb8 10. Qd3 O-O 11. h3 h6 12. Re1 Bb7 13. Nbd2 exd4 14. cxd4 Nb4 15.
Qc3 c5 16. axb5 axb5 17. Bd1 Re8 18. d5 Ra8 19. Rxa8 Qxa8 20. Nh4 Bxd5 21. Nf5
Bxe4 22. Nxd6 Re6 23. N6xe4 Nxe4 24. Qf3 Qa1 25. Rxe4 Qxc1 26. Rxe6 fxe6 27.
Qa8+ Kh7 1/2-1/2

[Event "First Saturday 2011 februar IM"]
[Site "Budapest"]
[Date "2011.02.11"]
[Round "7"]
[White "Szablowski, Pawel"]
[Black "To, Nhat Minh"]
[Result "1-0"]
[WhiteElo "2340"]
[BlackElo "2375"]
[PlyCount "67"]
[EventDate "2011.02.05"]

1. f4 d5 2. Nf3 g6 3. e3 Bg7 4. d4 c5 5. c3 Nd7 6. Bd3 e6 7. O-O Ne7 8. Nbd2
O-O 9. b3 b6 10. Qe2 Bb7 11. Bb2 Rc8 12. Rac1 Qc7 13. Ne5 Nxe5 14. fxe5 f6 15.
exf6 Rxf6 16. e4 Rxf1+ 17. Rxf1 cxd4 18. cxd4 dxe4 19. Nxe4 Nf5 20. Ng5 Nxd4
21. Qg4 Qe5 22. Kh1 Qe3 23. Bc4 Rf8 24. Rxf8+ Kxf8 25. Bxd4 Bxd4 26. Nxe6+ Ke7
27. Qxd4 Qe1+ 28. Qg1 Qxg1+ 29. Kxg1 b5 30. Nc5 bxc4 31. Nxb7 cxb3 32. axb3 Kd7
33. Kf2 Kc6 34. Nd8+ 1-0

[Event "First Saturday 2011 februar IM"]
[Site "Budapest"]
[Date "2011.02.12"]
[Round "8"]
[White "Tesik, Csaba"]
[Black "Szablowski, Pawel"]
[Result "1/2-1/2"]
[WhiteElo "2275"]
[BlackElo "2340"]
[PlyCount "64"]
[EventDate "2011.02.05"]

1. e4 Nf6 2. e5 Nd5 3. d4 d6 4. Nf3 g6 5. Bc4 Nb6 6. Bb3 Bg7 7. Qe2 O-O 8. h3
Nc6 9. Nc3 dxe5 10. dxe5 Nd4 11. Nxd4 Qxd4 12. f4 Be6 13. Be3 Qd7 14. O-O Bxb3
15. axb3 f6 16. Bxb6 axb6 17. Rad1 Qc6 18. Nd5 Qc5+ 19. Kh1 fxe5 20. b4 Qd6 21.
Qc4 b5 22. Qxc7 Qxc7 23. Nxc7 Rac8 24. Ne6 Rf6 25. Nxg7 Kxg7 26. fxe5 Rxf1+ 27.
Rxf1 Rxc2 28. e6 Rxb2 29. Rf7+ Kg8 30. Rxe7 Rxb4 31. Rxb7 Re4 32. Rxb5 Rxe6
1/2-1/2

[Event "First Saturday 2011 februar IM"]
[Site "Budapest"]
[Date "2011.02.12"]
[Round "8"]
[White "Kislik, Erik Andrew"]
[Black "Korpa, Bence"]
[Result "1/2-1/2"]
[WhiteElo "2327"]
[BlackElo "2165"]
[PlyCount "149"]
[EventDate "2011.02.05"]

1. e4 e5 2. Nf3 Nc6 3. Bb5 g6 4. Bxc6 dxc6 5. d3 Bg7 6. Nbd2 c5 7. Nc4 f6 8.
Be3 b6 9. Qd2 Bb7 10. O-O-O Qd7 11. Kb1 O-O-O 12. h3 Qe6 13. Qc1 h6 14. Nfd2 f5
15. exf5 gxf5 16. f3 Bd5 17. Rhe1 Qg6 18. Re2 Ne7 19. Bg1 Nc6 20. Bh2 Nd4 21.
Rf2 Rhe8 22. Re1 f4 23. Ne4 Bxc4 24. dxc4 Nf5 25. b3 Ne3 26. Rg1 Rd7 27. g3
Red8 28. gxf4 Qxg1 29. Bxg1 Rd1 30. Rd2 R8xd2 31. Nxd2 Rxc1+ 32. Kxc1 exf4 33.
Bxe3 fxe3 34. Ne4 Be5 35. Kd1 Kd7 36. Ke2 Bf4 37. Nc3 c6 38. Nd1 Ke6 39. Nxe3
Ke5 40. Ng2 Bc1 41. c3 h5 42. Kd3 Bf4 43. b4 cxb4 44. cxb4 b5 45. c5 Bg5 46. h4
Bd8 47. Ke3 Kf5 48. Nf4 Bxh4 49. Nxh5 Be1 50. a3 Bc3 51. Nf4 a6 52. Nd3 Bg7 53.
f4 Bh6 54. Kf3 Bg7 55. Ne1 Bc3 56. Nc2 Bb2 57. Ke3 Bc1+ 58. Kd3 Bb2 59. Ke3
Bc1+ 60. Kf3 Bb2 61. Ne1 Bc3 62. Nd3 Bg7 63. Ne1 Bc3 64. Nc2 Bb2 65. Ne3+ Kf6
66. Ng4+ Kf5 67. Ne3+ Ke6 68. Nc2 Kd5 69. f5 Ke5 70. f6 Kxf6 71. Ke4 Ke6 72.
Ne1 Kd7 73. Nd3 Bc3 74. Kf5 a5 75. Ke4 1/2-1/2

[Event "First Saturday 2011 februar IM"]
[Site "Budapest"]
[Date "2011.02.12"]
[Round "8"]
[White "Brustkern, Juergen"]
[Black "Bhakti, Kulkarni"]
[Result "1/2-1/2"]
[WhiteElo "2283"]
[BlackElo "2275"]
[PlyCount "148"]
[EventDate "2011.02.05"]

1. d4 Nf6 2. c4 c5 3. d5 b5 4. cxb5 a6 5. e3 g6 6. Nc3 axb5 7. Bxb5 Bg7 8. Nge2
O-O 9. a4 Ba6 10. Ra3 d6 11. O-O Nbd7 12. e4 Ne8 13. Qc2 Nc7 14. Bxa6 Nxa6 15.
Bg5 f5 16. Nf4 Nc7 17. Nb5 Nxb5 18. axb5 Qb8 19. Rxa8 Qxa8 20. Bxe7 Re8 21.
Bxd6 Rxe4 22. Rd1 Qa5 23. Ne2 Qxb5 24. Nc3 Qc4 25. g3 Nb6 26. Kg2 Bd4 27. Qd2
Re8 28. Re1 Rc8 29. Qe2 Qxe2 30. Rxe2 Bxc3 31. bxc3 Nxd5 32. Be5 Re8 33. Kf1
Kf7 34. f4 Ra8 35. Rd2 Ke6 36. Ke2 Ra4 37. h4 Re4+ 38. Kf2 Rc4 39. Rd3 h6 40.
Rd2 Nxc3 41. Rd6+ Ke7 42. Rxg6 Ne4+ 43. Ke3 h5 44. Kd3 Rc1 45. Rc6 Kd7 46. Rg6
c4+ 47. Kd4 c3 48. Kd3 Rd1+ 49. Kc2 Rd2+ 50. Kc1 Rg2 51. Rg7+ Ke6 52. Rh7 Nxg3
53. Bxc3 Ne2+ 54. Kc2 Nxf4+ 55. Bd2 Ke5 56. Kd1 Rg1+ 57. Kc2 Rh1 58. Bxf4+ Kxf4
59. Rxh5 Ke4 60. Kd2 f4 61. Ke2 Rh2+ 62. Kf1 Kf3 63. Kg1 Ra2 64. Rh8 Ra1+ 65.
Kh2 Kf2 66. h5 Ra5 67. Kh3 f3 68. Rf8 Ke2 69. Kg4 Ra7 70. h6 f2 71. Kg5 Ra5+
72. Kg6 Ra6+ 73. Kg7 Ra7+ 74. Kg6 f1=Q 1/2-1/2

[Event "First Saturday 2011 februar IM"]
[Site "Budapest"]
[Date "2011.02.12"]
[Round "8"]
[White "Tran, Tuan Minh"]
[Black "Lyell, Mark"]
[Result "0-1"]
[WhiteElo "2284"]
[BlackElo "2197"]
[PlyCount "84"]
[EventDate "2011.02.05"]

1. d4 d5 2. Bf4 c5 3. e3 Nc6 4. Nf3 Bg4 5. c3 Qb6 6. Qb3 e6 7. Nbd2 Nf6 8. Qxb6
axb6 9. Bb5 Nd7 10. O-O Be7 11. Ne5 Ndxe5 12. Bxe5 O-O-O 13. Bxc6 bxc6 14. Bxg7
Rhg8 15. Be5 h5 16. Kh1 h4 17. h3 Be2 18. Rfe1 Bd3 19. Rg1 c4 20. b3 b5 21. b4
Kb7 22. a4 bxa4 23. Rxa4 Ra8 24. Rga1 Rxa4 25. Rxa4 Ra8 26. Rxa8 Kxa8 27. g3
Kb7 28. gxh4 Kb6 29. h5 Kb5 30. Kg2 Ka4 31. Bc7 Bxb4 32. Nxc4 dxc4 33. cxb4 c3
34. e4 Bxe4+ 35. Kg3 Kxb4 36. Bf4 c2 37. Kg4 f6 38. Bc1 Kc3 39. Kf4 Kxd4 40. h6
Kd3 41. h4 Bh7 42. Kf3 e5 0-1

[Event "First Saturday 2011 februar IM"]
[Site "Budapest"]
[Date "2011.02.12"]
[Round "8"]
[White "Nagy, Ervin dr"]
[Black "Lengyel, Bela"]
[Result "1/2-1/2"]
[WhiteElo "2269"]
[BlackElo "2275"]
[PlyCount "86"]
[EventDate "2011.02.05"]

1. Nf3 d5 2. e3 Nf6 3. b3 Bg4 4. Bb2 Nbd7 5. Be2 e6 6. h3 Bxf3 7. Bxf3 c6 8. d3
a5 9. a3 Bd6 10. Nd2 e5 11. Qe2 Qe7 12. e4 d4 13. g3 a4 14. O-O O-O 15. b4 c5
16. Nc4 Bc7 17. b5 Nb6 18. Bg4 g6 19. h4 Ne8 20. Nxb6 Bxb6 21. Bc1 Bc7 22. Bh6
Ng7 23. Bh3 Bd6 24. c4 dxc3 25. Qc2 c4 26. Qxc3 cxd3 27. Qxd3 Rfd8 28. Qf3 Ne6
29. Bxe6 Qxe6 30. Rfc1 Rac8 31. Bg5 Be7 32. Rxc8 Rxc8 33. Bxe7 Qxe7 34. Rd1 h5
35. Kg2 Rc5 36. Rd5 Rc2 37. Qd1 Ra2 38. Rd8+ Kg7 39. Qd6 Qxd6 40. Rxd6 Rxa3 41.
Rb6 Rb3 42. Rxb7 a3 43. Ra7 Rxb5 1/2-1/2

[Event "First Saturday 2011 februar IM"]
[Site "Budapest"]
[Date "2011.02.13"]
[Round "9"]
[White "Lyell, Mark"]
[Black "Nagy, Ervin dr"]
[Result "1-0"]
[WhiteElo "2197"]
[BlackElo "2269"]
[PlyCount "105"]
[EventDate "2011.02.05"]

1. e4 d6 2. Nc3 g6 3. f4 Bg7 4. Nf3 c5 5. Bc4 Nc6 6. O-O Nf6 7. d3 O-O 8. Qe1
Na5 9. Bb3 e6 10. e5 Ne8 11. Ne4 b6 12. Bd2 Nxb3 13. axb3 Bb7 14. b4 d5 15. Nf2
Nc7 16. bxc5 bxc5 17. Ba5 Qe7 18. d4 Rfc8 19. Nd3 cxd4 20. Bb4 Qe8 21. Nc5 Bc6
22. Nxd4 Nb5 23. Nxb5 Bxb5 24. Rf2 Bf8 25. Nb3 Bxb4 26. Qxb4 Rc4 27. Qd2 Qe7
28. Nd4 Be8 29. c3 Rb8 30. g4 Qh4 31. Rg2 Rb7 32. f5 exf5 33. gxf5 Re7 34. f6
Rd7 35. Rf1 Kh8 36. Qe3 Rb7 37. b3 Rc8 38. e6 Rb6 39. exf7 Bxf7 40. Qe7 Kg8 41.
Nf5 Qh5 42. Qxa7 Re6 43. Ne7+ Rxe7 44. Qxe7 Re8 45. Qc5 Qh4 46. b4 Qh3 47. Ra1
Qh4 48. Qf2 Qe4 49. Qd4 Qf5 50. b5 Qe6 51. b6 Rb8 52. Rf2 h5 53. Qf4 1-0

[Event "First Saturday 2011 februar IM"]
[Site "Budapest"]
[Date "2011.02.13"]
[Round "9"]
[White "Bhakti, Kulkarni"]
[Black "Tran, Tuan Minh"]
[Result "1/2-1/2"]
[WhiteElo "2275"]
[BlackElo "2284"]
[PlyCount "31"]
[EventDate "2011.02.05"]

1. d4 e6 2. Nf3 f5 3. d5 Nf6 4. dxe6 dxe6 5. Qxd8+ Kxd8 6. Nc3 Bb4 7. Bd2 Ke7
8. h3 Bd7 9. O-O-O Nc6 10. e3 a6 11. Bd3 e5 12. Bc4 e4 13. Nd4 Ne5 14. Be2 Bd6
15. f4 exf3 16. Nxf3 1/2-1/2

[Event "First Saturday 2011 februar IM"]
[Site "Budapest"]
[Date "2011.02.13"]
[Round "9"]
[White "Korpa, Bence"]
[Black "Brustkern, Juergen"]
[Result "1/2-1/2"]
[WhiteElo "2165"]
[BlackElo "2283"]
[PlyCount "92"]
[EventDate "2011.02.05"]

1. e4 c5 2. Nf3 Nc6 3. c3 d5 4. exd5 Qxd5 5. d4 e5 6. dxe5 Qxd1+ 7. Kxd1 Bg4 8.
Bf4 O-O-O+ 9. Nbd2 h6 10. Bc4 g5 11. Bg3 Bh5 12. Kc1 Na5 13. Bb3 Ne7 14. e6
Nxb3+ 15. axb3 fxe6 16. Rxa7 Nf5 17. Be5 Bg7 18. Nc4 Bxe5 19. Nfxe5 Be8 20. g4
Ne7 21. h4 Kb8 22. Ra1 Rf8 23. hxg5 hxg5 24. f3 Bc6 25. Nb6 Kc7 26. Rh7 Bxf3
27. Rxe7+ Kxb6 28. Nd7+ Rxd7 29. Rxd7 Bxg4 30. Ra4 Rf1+ 31. Kc2 Bf5+ 32. Kd2
Rf2+ 33. Ke3 Rxb2 34. b4 Kc6 35. Rg7 Rc2 36. Ra3 cxb4 37. cxb4 g4 38. Ra7 Rc3+
39. Ke2 Kd5 40. Raxb7 Ke5 41. Rgc7 Rb3 42. b5 Kf4 43. Rc1 Rb2+ 44. Kf1 Bd3+ 45.
Kg1 Rxb5 46. Rf7+ Bf5 1/2-1/2

[Event "First Saturday 2011 februar IM"]
[Site "Budapest"]
[Date "2011.02.13"]
[Round "9"]
[White "Szablowski, Pawel"]
[Black "Kislik, Erik Andrew"]
[Result "1/2-1/2"]
[WhiteElo "2340"]
[BlackElo "2327"]
[PlyCount "77"]
[EventDate "2011.02.05"]

1. e4 e5 2. Nf3 Nc6 3. d4 exd4 4. Nxd4 Nf6 5. Nxc6 bxc6 6. e5 Qe7 7. Qe2 Nd5 8.
c4 Ba6 9. b3 g6 10. f4 d6 11. Qd2 Nb6 12. Bb2 Bg7 13. Be2 dxe5 14. O-O O-O 15.
Qa5 exf4 16. Bxg7 Kxg7 17. Bf3 Bb7 18. Re1 Qf6 19. Nc3 Rfe8 20. Kh1 Nd7 21.
Rad1 Nc5 22. Rf1 Re3 23. Ne2 Ne6 24. Rd2 Ng5 25. Qxc7 Nxf3 26. gxf3 Re7 27.
Qxf4 Rae8 28. Qxf6+ Kxf6 29. Nc3 c5 30. Kg2 Re3 31. Nd5+ Bxd5 32. Rxd5 R8e5 33.
Rd7 Rg5+ 34. Kf2 Rc3 35. Rfd1 Rh5 36. Kg3 Rg5+ 37. Kf2 Rh5 38. Kg3 Rg5+ 39. Kf2
1/2-1/2

[Event "First Saturday 2011 februar IM"]
[Site "Budapest"]
[Date "2011.02.13"]
[Round "9"]
[White "To, Nhat Minh"]
[Black "Tesik, Csaba"]
[Result "1/2-1/2"]
[WhiteElo "2375"]
[BlackElo "2275"]
[PlyCount "33"]
[EventDate "2011.02.05"]

1. d4 Nf6 2. Nf3 e6 3. Bg5 c5 4. e3 b6 5. Bd3 Bb7 6. Nbd2 Be7 7. O-O d6 8. c3
Nbd7 9. Qe2 O-O 10. a4 Re8 11. Rfd1 a6 12. e4 Qc7 13. h3 Bf8 14. Nf1 g6 15. Ng3
Bg7 16. Nd2 Nb8 17. Bf4 1/2-1/2

[Event "First Saturday 2011 februar IM"]
[Site "Budapest"]
[Date "2011.02.14"]
[Round "10"]
[White "Brustkern, Juergen"]
[Black "Szablowski, Pawel"]
[Result "0-1"]
[WhiteElo "2283"]
[BlackElo "2340"]
[PlyCount "49"]
[EventDate "2011.02.05"]

1. d4 e6 2. c4 b6 3. a3 Bb7 4. Nc3 f5 5. Qc2 Nf6 6. f3 Be7 7. e3 c5 8. Bd3 Nc6
9. Nge2 Rc8 10. d5 Ne5 11. e4 fxe4 12. fxe4 O-O 13. Bf4 Nfg4 14. O-O Bg5 15.
Qd2 Bxf4 16. Nxf4 Nxh2 17. Kxh2 Qh4+ 18. Kg1 Ng4 19. Rf3 Qh2+ 20. Kf1 e5 21.
Ke1 Rxf4 22. Rxf4 exf4 23. Ne2 Ne5 24. Rd1 f3 25. gxf3 0-1

[Event "First Saturday 2011 februar IM"]
[Site "Budapest"]
[Date "2011.02.14"]
[Round "10"]
[White "Tran, Tuan Minh"]
[Black "Korpa, Bence"]
[Result "1/2-1/2"]
[WhiteElo "2284"]
[BlackElo "2165"]
[PlyCount "82"]
[EventDate "2011.02.05"]

1. d4 d5 2. Bf4 Nf6 3. e3 c5 4. dxc5 Nc6 5. c4 e5 6. cxd5 Nxd5 7. Bg3 Bxc5 8.
Nf3 Qa5+ 9. Nbd2 e4 10. Ng5 Bxe3 11. Ngxe4 O-O 12. Bc4 Bxd2+ 13. Qxd2 Qxd2+ 14.
Kxd2 Nb6 15. Bb3 Nd4 16. Nd6 Nxb3+ 17. axb3 Be6 18. Nxb7 Bd5 19. Nd6 Rad8 20.
f3 Nc8 21. Nxc8 Rxc8 22. Rhc1 Rcd8 23. Kc3 Rd7 24. Kb4 Rb7+ 25. Ka5 Rxb3 26.
Rc5 Be6 27. Be5 f6 28. Bc3 Rfb8 29. Re1 R8b6 30. f4 h6 31. f5 Bd7 32. Re7 Rd6
33. g4 Rbb6 34. h3 Kf8 35. Re3 Be8 36. Re1 Bd7 37. Re3 Kg8 38. Re7 Kf8 39. Re3
Be8 40. Re1 Bd7 41. Re3 Be8 1/2-1/2

[Event "First Saturday 2011 februar IM"]
[Site "Budapest"]
[Date "2011.02.14"]
[Round "10"]
[White "Lengyel, Bela"]
[Black "Lyell, Mark"]
[Result "1-0"]
[WhiteElo "2275"]
[BlackElo "2197"]
[PlyCount "109"]
[EventDate "2011.02.05"]

1. e4 e5 2. Nf3 Nc6 3. Bc4 Bc5 4. Nc3 d6 5. d3 Na5 6. Bb3 Nxb3 7. axb3 a6 8.
Be3 Bxe3 9. fxe3 Nh6 10. O-O O-O 11. Qd2 Be6 12. b4 f6 13. h3 f5 14. exf5 Nxf5
15. Ne2 Nh4 16. Nxh4 Qxh4 17. Rxf8+ Rxf8 18. Rf1 Qg5 19. Rxf8+ Kxf8 20. Kh2 Ke7
21. Ng3 d5 22. Qf2 Qf6 23. Qe1 Kd7 24. Kg1 Qh4 25. c3 g5 26. Qf2 g4 27. hxg4
Qxg4 28. d4 exd4 29. exd4 h5 30. Nf1 h4 31. Ne3 Qe4 32. Kh2 b6 33. Qf3 Kd6 34.
Nc4+ Ke7 35. Ne5 Bf5 36. Qf2 c5 37. bxc5 bxc5 38. Qd2 cxd4 39. cxd4 Ke6 40. Nf3
Kd7 41. Qg5 h3 42. Ne5+ Kc8 43. gxh3 Qe2+ 44. Qg2 Qxg2+ 45. Kxg2 Kc7 46. h4 Kb6
47. Nf3 Kb5 48. Nd2 Kb4 49. Kg3 a5 50. h5 a4 51. Kf4 Bh7 52. Ke5 Bg8 53. h6 a3
54. bxa3+ Kxa3 55. Nf3 1-0